| Tag |
First Indicator |
Second Indicator |
Subfields |
| LEADER |
00000cam a2200000 4500 |
| 001 |
in00000690421 |
| 005 |
20151015165721.0 |
| 008 |
780308s1942 tnuaf 00011 eng d |
| 010 |
|
|
|a 42022616
|
| 035 |
|
|
|a (OCoLC)03697978
|
| 035 |
|
|
|9 ACZ8764AM
|
| 040 |
|
|
|a AZU
|c AZU
|d TXA
|d UtOrBLW
|
| 049 |
|
|
|a TXAS
|c [383218]
|
| 050 |
|
0 |
|a PZ3.L9575
|b Pan
|
| 100 |
1 |
|
|a Lowther, Charles C.
|
| 245 |
1 |
0 |
|a Panhandle parson /
|c by Charles C. Lowther.
|
| 264 |
|
1 |
|a Nashville, Tenn. :
|b The Parthenon press,
|c [1942]
|
| 300 |
|
|
|a 253 pages :
|b illustrations, plates. ;
|c 20 cm.
|
| 336 |
|
|
|a text
|b txt
|2 rdacontent
|
| 337 |
|
|
|a unmediated
|b n
|2 rdamedia
|
| 338 |
|
|
|a volume
|b nc
|2 rdacarrier
|
| 999 |
|
|
|a MARS
|
| 999 |
f |
f |
|s 9b48078a-0ab4-3a48-baca-a3246cf240c1
|i c3df36db-c3aa-395b-adbf-c11110ee1222
|t 0
|
| 952 |
f |
f |
|p noncirc
|a Texas A&M University
|b College Station
|c Cushing Memorial Library & Archives
|d Cushing: Dykes (Does not check out)
|t 0
|e PZ3.L9575 Pan
|h Library of Congress classification
|i unmediated -- volume
|m A14851901224
|
| 998 |
f |
f |
|a PZ3.L9575 Pan
|t 0
|l Cushing: Dykes (Does not check out)
|